|
|
แสดงรายละเอียดบรรณานุกรม |
|
|
Brief Record
: Get Marc (ISO 2709)
: E-mail record
: |
| LEADER 00000nama 2200000uu 4500 | |||
| 001 191897 | |||
| 003 ULIBM | |||
| 008 040531s2547 th m m a000 0 tha d | |||
| 020 974-465-937-8 | |||
| 041 tha | |||
| 050 วจ WY20 ด425ก 2547 | |||
| 100 ดาราพร คงจา ฤทัยรัตน์ ชิดมงคล | |||
| 245 การพัฒนาแนวทางการจัดการเรียนการสอนตามแนวการปฏิรูปการเรียนรู้ของวิทยาลัยพยาบาลบรมราชชนนี อุดรธานี | |||
| 246 การปฏิรูปการจัดการเรียนการสอน - วิจัย | |||
| 260 วพบ. อุดรธานี 2547 | |||
| 300 130 หน้า | |||
| 650 การจัดการเรียนการสอน - การปฏิรูปการเรียนรู้ -วิจัย | |||
| 999 ^aใช้งานได้ทุกระบบ | |||
| คุณยังไม่ได้ล็อกอิน คุณสามารถมีกิจกรรมร่วมกับเว็บไซต์ได้ แต่ต้องล็อกอินก่อน :: |
|
| สถานะ | |||||||||
| 1. | หนังสือทั่วไป | วจ WY20 ด425ก 2547 | On Shelf ขอยืม | ||||||
| 2. | หนังสือทั่วไป | วจ WY20 ด425ก 2547 | On Shelf ขอยืม | ||||||
| 3. | หนังสือทั่วไป | วจ WY20 ด425ก 2547 | On Shelf ขอยืม | ||||||
| 4. | หนังสือทั่วไป | วจ WY20 ด425ก 2547 | On Shelf ขอยืม | ||||||
| [แสดง 4/4 รายการ] | |||||||||
| รายการใกล้เคียง ผู้แต่ง [ดาราพร คงจา ฤทัยรัตน์ ชิดมงคล] |
BibComment |
| คอมเมนท์ทรัพยากรรายการนี้ |
|
|